Intervención de los espíritus en el mundo corporal : (Record no. 23324)

000 -CABECERA
fixed length control field 01121nam a22002657i 4500
003 - IDENTIFICADOR DEL NÚMERO DE CONTROL
control field AR-CdUCM
008 - DATOS DE LONGITUD FIJA--INFORMACIÓN GENERAL
fixed length control field 250718b20062006 pe||||| |||| 00| 0 spa d
020 ## - NÚMERO INTERNACIONAL ESTÁNDAR DEL LIBRO
ISBN 987-95126-5-0
040 ## - FUENTE DE LA CATALOGACIÓN
Agencia/entidad que catalogó originalmente la obra MUNICIPALIDAD PROVINCIAL DEL CUSCO
Entidad que transcribió la catalogación BIBLIOTECA MUNICIPAL DEL CUSCO
082 ## - NÚMERO DE LA CLASIFICACIÓN DECIMAL DEWEY
No. de Clasificación 133.9 / AC17 / e.3
Notacion interna AC17 / e.3
110 ## - ENTRADA PRINCIPAL--NOMBRE DE ENTIDAD CORPORATIVA
Nombre de la institución, jurisdicción como entrada principal Academia Filosófica de la Plata
9 (RLIN) 3308
245 ## - MENCIÓN DE TÍTULO
Título Intervención de los espíritus en el mundo corporal :
Resto del título Investigacion de señales de influencia de los espíritus sobre los hombres en los textos bíblicos /
260 ## - PUBLICACIÓN, DISTRIBUCIÓN, ETC.
Lugar de publicación, distribución, etc. Lima :
Nombre de la editorial, distribuidor, etc. Academia Filosófica de la Plata
Fecha de publicación, distribución, etc. 2006
300 ## - DESCRIPCIÓN FÍSICA
Nº de Páginas Extensión 228 páginas. :
Dimensiones 21x18 cm.
500 ## - NOTA GENERAL
Bibliografía páginas 221 -223
505 ## - NOTA DE CONTENIDO CON FORMATO
Nota de contenido formateada Trabajo de investigación antiguo testamento -- Autenticidad de los evangelios -- El pentateuco -- Naturaleza divina -- Reencarnación -- Dioses del mundo antiguo -- Origen de la creencia
650 ## - PUNTO DE ACCESO ADICIONAL DE MATERIA--TÉRMINO DE MATERIA
Descriptor Antiguo testamento
9 (RLIN) 3398
650 ## - PUNTO DE ACCESO ADICIONAL DE MATERIA--TÉRMINO DE MATERIA
Descriptor Evangelios
9 (RLIN) 3175
650 ## - PUNTO DE ACCESO ADICIONAL DE MATERIA--TÉRMINO DE MATERIA
Descriptor Espíritu santo
9 (RLIN) 51248
650 ## - PUNTO DE ACCESO ADICIONAL DE MATERIA--TÉRMINO DE MATERIA
Descriptor Satanas
9 (RLIN) 51249
650 ## - PUNTO DE ACCESO ADICIONAL DE MATERIA--TÉRMINO DE MATERIA
Descriptor Diablos
9 (RLIN) 51250
942 ## - ELEMENTOS DE PUNTO DE ACCESO ADICIONAL (KOHA)
Fuente de clasificación
Tipo de item Libros-BMC
945 ## - PROCESAMIENTO DE INFORMACIÓN LOCAL (OCLC)
Catalogador pbjr
AAAA-MM-DD - Fecha de ingreso o modificacion 18-07-2025
Holdings
Estado de retiro (separado) Fuente de clasificación o esquema de estanterías Estado dañado Ubicación Sala donde se ubica Nombre de la colección Fecha de adquisición o compra Fuente de adquisición Costo, precio normal en soles Signatura topográfica Código de Barras Última vez visto (Koha) Tipo de ítem (Koha)
No     Sala Humanidades Sala Humanidades Book Cart 2025-07-18 Donación 10.00 133.9 / AC17 / e.3 SH0000016934 2025-07-18 Libros-BMC

Powered by Koha